<?xml version="1.0" encoding="UTF-8"?>
<record
    xmlns:xsi="http://www.w3.org/2001/XMLSchema-instance"
    xsi:schemaLocation="http://www.loc.gov/MARC21/slim http://www.loc.gov/standards/marcxml/schema/MARC21slim.xsd"
    xmlns="http://www.loc.gov/MARC21/slim">

  <leader>01305nam a22002897a 4500</leader>
  <controlfield tag="005">20100918105748.0</controlfield>
  <controlfield tag="008">100918t        xxu||||| |||| 00| 0 mar d</controlfield>
  <datafield tag="010" ind1=" " ind2=" ">
    <subfield code="a">MAR-20286</subfield>
  </datafield>
  <datafield tag="020" ind1=" " ind2=" ">
    <subfield code="c">80.00</subfield>
    <subfield code="a">9788171859191</subfield>
  </datafield>
  <datafield tag="020" ind1=" " ind2=" ">
    <subfield code="c">80.00</subfield>
    <subfield code="a">8171859194</subfield>
  </datafield>
  <datafield tag="035" ind1=" " ind2=" ">
    <subfield code="a">MR-12944</subfield>
  </datafield>
  <datafield tag="037" ind1=" " ind2=" ">
    <subfield code="b">DBAD/PUB</subfield>
  </datafield>
  <datafield tag="040" ind1=" " ind2=" ">
    <subfield code="a">DPL</subfield>
    <subfield code="b">MR</subfield>
  </datafield>
  <datafield tag="082" ind1=" " ind2=" ">
    <subfield code="a">891.462</subfield>
  </datafield>
  <datafield tag="100" ind1=" " ind2=" ">
    <subfield code="9">20631</subfield>
    <subfield code="a">&#x915;&#x930;&#x94D;&#x928;&#x93E;&#x921;,&#x917;&#x93F;&#x930;&#x940;&#x936;</subfield>
  </datafield>
  <datafield tag="245" ind1=" " ind2=" ">
    <subfield code="a">&#x92C;&#x932;&#x93F; /</subfield>
    <subfield code="c">&#x917;&#x93F;&#x930;&#x940;&#x936; &#x915;&#x930;&#x94D;&#x928;&#x93E;&#x921;;&#x938;&#x930;&#x94B;&#x91C; &#x926;&#x947;&#x936;&#x92A;&#x93E;&#x902;&#x921;&#x947; &#x926;&#x94D;&#x935;&#x93E;&#x930;&#x93E; &#x905;&#x928;&#x941;&#x935;&#x93E;&#x926;&#x93F;&#x924;</subfield>
  </datafield>
  <datafield tag="246" ind1=" " ind2=" ">
    <subfield code="a">Bali</subfield>
    <subfield code="b">by Girish Karnad</subfield>
  </datafield>
  <datafield tag="260" ind1=" " ind2=" ">
    <subfield code="a">&#x92E;&#x941;&#x92C;&#x902;&#x908;</subfield>
    <subfield code="b">&#x92A;&#x949;&#x92A;&#x94D;&#x92F;&#x932;&#x930; &#x92A;&#x94D;&#x930;&#x915;&#x93E;&#x936;&#x928;</subfield>
    <subfield code="c">2007</subfield>
  </datafield>
  <datafield tag="270" ind1=" " ind2=" ">
    <subfield code="a">301,&#x92E;&#x939;&#x93E;&#x932;&#x915;&#x94D;&#x937;&#x94D;&#x92E;&#x940; &#x91A;&#x947;&#x902;&#x92C;&#x930;&#x94D;&#x938;22 &#x92D;&#x941;&#x932;&#x93E;&#x92D;&#x93E;&#x908; &#x926;&#x947;&#x938;&#x93E;&#x908; &#x930;&#x94B;&#x921;</subfield>
    <subfield code="b">&#x92E;&#x941;&#x92C;&#x902;&#x908;</subfield>
    <subfield code="e">400026</subfield>
  </datafield>
  <datafield tag="300" ind1=" " ind2=" ">
    <subfield code="a">&#x926;&#x939;&#x93E;,59&#x92A;&#x943;</subfield>
    <subfield code="c">21 &#x938;&#x947;&#x92E;&#x940; (&#x905;&#x91C;&#x93F;&#x932;&#x94D;&#x926;)</subfield>
  </datafield>
  <datafield tag="650" ind1=" " ind2=" ">
    <subfield code="9">20632</subfield>
    <subfield code="a">&#x92E;&#x930;&#x93E;&#x920;&#x940; &#x928;&#x93E;&#x91F;&#x915;</subfield>
  </datafield>
  <datafield tag="650" ind1=" " ind2=" ">
    <subfield code="9">20633</subfield>
    <subfield code="a">Marathi Play</subfield>
  </datafield>
  <datafield tag="700" ind1=" " ind2=" ">
    <subfield code="9">21188</subfield>
    <subfield code="a">&#x926;&#x947;&#x936;&#x92A;&#x93E;&#x902;&#x921;&#x947;,&#x938;&#x930;&#x94B;&#x91C;</subfield>
  </datafield>
  <datafield tag="700" ind1=" " ind2=" ">
    <subfield code="9">21189</subfield>
  </datafield>
  <datafield tag="942" ind1=" " ind2=" ">
    <subfield code="2">ddc</subfield>
    <subfield code="c">MR</subfield>
    <subfield code="m">&#x915;&#x930;&#x94D;&#x928;&#x93E;&#x921;</subfield>
    <subfield code="h">891.462</subfield>
  </datafield>
  <datafield tag="999" ind1=" " ind2=" ">
    <subfield code="c">47692</subfield>
    <subfield code="d">47692</subfield>
  </datafield>
  <datafield tag="952" ind1=" " ind2=" ">
    <subfield code="0">0</subfield>
    <subfield code="1">0</subfield>
    <subfield code="2">ddc</subfield>
    <subfield code="4">0</subfield>
    <subfield code="7">1</subfield>
    <subfield code="8">NFIC</subfield>
    <subfield code="a">DBAD</subfield>
    <subfield code="b">DBAD</subfield>
    <subfield code="d">2010-09-24</subfield>
    <subfield code="e">DBAD / PUB</subfield>
    <subfield code="g">80.00</subfield>
    <subfield code="l">0</subfield>
    <subfield code="o">891.462 &#x915;&#x930;&#x94D;&#x928;&#x93E;&#x921;</subfield>
    <subfield code="p">MR-12944</subfield>
    <subfield code="r">2010-09-24 00:00:00</subfield>
    <subfield code="t">1</subfield>
    <subfield code="v">80.00</subfield>
    <subfield code="w">2010-09-24</subfield>
    <subfield code="y">MR</subfield>
  </datafield>
</record>
